[Event "1. Bundesliga 2014/2015"]
[Site "Feffernitz, St. Veit/Glan, Mayrhofen"]
[Date "2015.02.26"]
[Round "5"]
[Board "1"]
[White "Bauer, Christian"]
[Black "Prohaszka, Peter"]
[Result "0-1"]
[WhiteElo "2651"]
[BlackElo "2597"]
[PlyCount "112"]
[EventDate "2014.11.20"]
[EventType "team"]
[EventRounds "11"]
[EventCountry "AUT"]
[WhiteTeam "Sparkasse Jenbach"]
[BlackTeam "SV Jacques Lemans St. Veit"]

1.e4 e5 2.Nf3 Nc6 3.Bc4 Bc5 4.d3 Nf6 5.Nbd2 O-O 6.h3 d6 7.c3 a6 8.Bb3 Ba7 9.Nh2 Be6
10.Ndf1 d5 11.Qf3 dxe4 12.dxe4 Nd7 13.Be3 Nc5 14.Bxc5 Bxc5 15.Ng4 Qg5 16.Qe2 h5 17.Nge3
Rad8 18.h4 Qh6 19.Nd5 Bxd5 20.Bxd5 Nb4 21.Bc4 b5 22.a3 Nc2+ 23.Qxc2 bxc4 24.Rh3 Qf4
25.Ne3 Bxe3 26.Rxe3 Qxh4 27.Rh3 Qg5 28.Qe2 g6 29.Rg3 Qf4 30.Qxc4 Qd2+ 31.Kf1 Qxb2
32.Re1 Qb6 33.Kg1 Rd2 34.Ree3 Kg7 35.Rgf3 Rd1+ 36.Kh2 Rd7 37.Rd3 Rxd3 38.Qxd3 Qe6
39.a4 Rb8 40.Qe3 Qe7 41.g3 Rb2 42.Qd3 h4 43.Kg2 hxg3 44.Rxg3 Qf6 45.Qe3 Ra2 46.Rh3
Qf4 47.Qxf4 exf4 48.Kf3 g5 49.Kg4 Kg6 50.Rh8 Rxf2 51.Rg8+ Kf6 52.e5+ Kxe5 53.Rxg5+
Ke4 54.Rc5 Rg2+ 55.Kh3 f3 56.Rxc7 Rg7 0-1

[Event "1. Bundesliga 2014/2015"]
[Site "Feffernitz, St. Veit/Glan, Mayrhofen"]
[Date "2015.02.26"]
[Round "5"]
[Board "2"]
[White "Antoniewski, Rafal"]
[Black "Schlosser, Philipp"]
[Result "1/2-1/2"]
[WhiteElo "2543"]
[BlackElo "2571"]
[PlyCount "53"]
[EventDate "2014.11.20"]
[EventType "team"]
[EventRounds "11"]
[EventCountry "AUT"]
[WhiteTeam "SV Jacques Lemans St. Veit"]
[BlackTeam "Sparkasse Jenbach"]

1.Nf3 d5 2.d4 Nf6 3.c4 e6 4.Nc3 c6 5.e3 Nbd7 6.Qc2 Bd6 7.Bd3 O-O 8.O-O dxc4 9.Bxc4
a6 10.Rd1 c5 11.dxc5 Bxc5 12.Be2 Qe7 13.Ng5 Rd8 14.Nce4 Ba7 15.Nxf6+ Nxf6 16.Bd2 Bd7
17.Bc3 Qc5 18.Ne4 Nxe4 19.Qxe4 Bc6 20.Qh4 Qf8 21.Rxd8 Rxd8 22.Bxg7 Kxg7 23.Qg5+ Kh8
24.Qf6+ Kg8 25.Qg5+ Kh8 26.Qf6+ Kg8 27.Qg5+ 1/2-1/2

[Event "1. Bundesliga 2014/2015"]
[Site "Feffernitz, St. Veit/Glan, Mayrhofen"]
[Date "2015.02.26"]
[Round "5"]
[Board "3"]
[White "Acs, Peter"]
[Black "Bosiocic, Marin"]
[Result "1-0"]
[WhiteElo "2594"]
[BlackElo "2556"]
[PlyCount "83"]
[EventDate "2014.11.20"]
[EventType "team"]
[EventRounds "11"]
[EventCountry "AUT"]
[WhiteTeam "Sparkasse Jenbach"]
[BlackTeam "SV Jacques Lemans St. Veit"]

1.e4 e5 2.Nf3 Nc6 3.Nc3 Nf6 4.Bb5 Bd6 5.d3 a6 6.Bc4 Bb4 7.O-O Bxc3 8.bxc3 O-O 9.Re1
d6 10.d4 Bg4 11.d5 Ne7 12.Bf1 Nd7 13.h3 Bh5 14.g4 Bg6 15.Nd2 f6 16.Rb1 b6 17.c4 Nc5
18.Qf3 Be8 19.Nb3 g5 20.Nxc5 dxc5 21.h4 gxh4 22.Bh6 Rf7 23.Qe3 Ng6 24.f4 exf4 25.Bxf4
Bd7 26.Be2 Qc8 27.g5 Nxf4 28.Qxf4 fxg5 29.Qe3 Bg4 30.e5 Bxe2 31.e6 Re7 32.Rxe2 Qe8
33.Rf1 Qh5 34.Rg2 h6 35.Qe5 Rae8 36.Kh2 Rg7 37.Rf6 h3 38.Rgf2 Ree7 39.Qf5 Re8 40.e7
Kh8 41.Rf8+ Rg8 42.Qe5+ 1-0

[Event "1. Bundesliga 2014/2015"]
[Site "Feffernitz, St. Veit/Glan, Mayrhofen"]
[Date "2015.02.26"]
[Round "5"]
[Board "5"]
[White "Boensch, Uwe"]
[Black "Hoelzl, Franz"]
[Result "1/2-1/2"]
[WhiteElo "2541"]
[BlackElo "2333"]
[PlyCount "88"]
[EventDate "2014.11.20"]
[EventType "team"]
[EventRounds "11"]
[EventCountry "AUT"]
[WhiteTeam "Sparkasse Jenbach"]
[BlackTeam "SV Jacques Lemans St. Veit"]

1.d4 Nf6 2.c4 e6 3.Nf3 Bb4+ 4.Nbd2 O-O 5.g3 b6 6.Bg2 Bb7 7.O-O a5 8.a3 Bxd2 9.Bxd2
d6 10.b4 axb4 11.axb4 Nbd7 12.Qc2 Be4 13.Qb3 Qb8 14.b5 Qb7 15.Bb4 Rfc8 16.Bh3 Bf5
17.Bxf5 exf5 18.d5 Rxa1 19.Rxa1 Ra8 20.Ra3 Nc5 21.Qa2 Rxa3 22.Qxa3 g6 23.Qe3 Nce4
24.Qa3 Qc8 25.Nd4 h5 26.f3 Nc5 27.Nc6 Qe8 28.Kf2 h4 29.gxh4 f4 30.Bd2 Nh5 31.Ke1 Kh7
32.Kd1 Qc8 33.Bc3 Ng7 34.Bxg7 Kxg7 35.Qa1+ f6 36.Qd4 Qh3 37.Qxf4 Qf1+ 38.Kd2 Qb1 39.Qe3
Nb3+ 40.Kc3 Nc5 41.Qe7+ Kh6 42.Qf8+ Kh7 43.Qf7+ Kh6 44.Qf8+ Kh7 1/2-1/2

[Event "1. Bundesliga 2014/2015"]
[Site "Feffernitz, St. Veit/Glan, Mayrhofen"]
[Date "2015.02.26"]
[Round "5"]
[Board "6"]
[White "Hebesberger, Thomas"]
[Black "Lehner, Oliver"]
[Result "1/2-1/2"]
[WhiteElo "2338"]
[BlackElo "2425"]
[PlyCount "61"]
[EventDate "2014.11.20"]
[EventType "team"]
[EventRounds "11"]
[EventCountry "AUT"]
[WhiteTeam "SV Jacques Lemans St. Veit"]
[BlackTeam "Sparkasse Jenbach"]

1.d4 Nf6 2.Nf3 g6 3.Bg5 Bg7 4.Nbd2 O-O 5.c3 d6 6.e4 h6 7.Bh4 c5 8.dxc5 dxc5 9.Bc4
Nc6 10.O-O Bg4 11.Qc2 g5 12.Bg3 Nh5 13.Rfe1 Nxg3 14.hxg3 Qc7 15.Nf1 e6 16.Be2 Bxf3
17.gxf3 Rab8 18.a4 a6 19.Ne3 b5 20.axb5 axb5 21.Ra6 Rfc8 22.Rea1 Rb6 23.Rxb6 Qxb6
24.Qb3 Rb8 25.Kg2 c4 26.Qc2 Ne5 27.Rd1 Qc7 28.b3 cxb3 29.Qxb3 Qc5 30.Rb1 Nc6 31.Bxb5 1/2-1/2

[Event "1. Bundesliga 2014/2015"]
[Site "Feffernitz, St. Veit/Glan, Mayrhofen"]
[Date "2015.02.26"]
[Round "5"]
[Board "1"]
[White "Ragger, Markus"]
[Black "Stevic, Hrvoje"]
[Result "1/2-1/2"]
[WhiteElo "2661"]
[BlackElo "2594"]
[PlyCount "67"]
[EventDate "2014.11.20"]
[EventType "team"]
[EventRounds "11"]
[EventCountry "AUT"]
[WhiteTeam "Schachclub MPOE Maria Saal"]
[BlackTeam "SV Wolfsberg"]

1.d4 d5 2.c4 dxc4 3.e3 Nf6 4.Bxc4 e6 5.Nf3 a6 6.O-O c5 7.Bb3 cxd4 8.exd4 Be7 9.Nc3
Nc6 10.Re1 O-O 11.a3 b5 12.d5 exd5 13.Nxd5 Nxd5 14.Qxd5 Bb7 15.Qh5 Qd3 16.Ba2 Qg6
17.Qxg6 hxg6 18.Bf4 Bf6 19.Rad1 Rad8 20.Kf1 Rxd1 21.Rxd1 Rd8 22.Rxd8+ Bxd8 23.Ng5
Ne5 24.Bxe5 Bxg5 25.f3 Kf8 26.Ke2 Bd8 27.Kd3 Bb6 28.h3 Bf2 29.Bd4 Bg3 30.Ke3 g5 31.Bc3
f6 32.Bb1 Kf7 33.Ba2+ Ke7 34.Bb4+ 1/2-1/2

[Event "1. Bundesliga 2014/2015"]
[Site "Feffernitz, St. Veit/Glan, Mayrhofen"]
[Date "2015.02.26"]
[Round "5"]
[Board "2"]
[White "Jovanovic, Zoran"]
[Black "Rapport, Richard"]
[Result "0-1"]
[WhiteElo "2530"]
[BlackElo "2709"]
[PlyCount "66"]
[EventDate "2014.11.20"]
[EventType "team"]
[EventRounds "11"]
[EventCountry "AUT"]
[WhiteTeam "SV Wolfsberg"]
[BlackTeam "Schachclub MPOE Maria Saal"]

1.e4 g6 2.d4 Bg7 3.Nc3 a6 4.f4 b5 5.Nf3 d6 6.Bd3 Nd7 7.e5 c5 8.Be4 Rb8 9.Be3 b4 10.Ne2
Nh6 11.dxc5 Ng4 12.Bg1 dxe5 13.c6 Ndf6 14.Qxd8+ Kxd8 15.Ba7 Kc7 16.Bxb8+ Kxb8 17.Nd2
exf4 18.Bd3 e5 19.a3 e4 20.Nxe4 Nxe4 21.Bxe4 Bxb2 22.Rb1 bxa3 23.O-O g5 24.Nc3 Ka7
25.Rxb2 axb2 26.Rb1 f5 27.Bd5 Re8 28.h3 Nf6 29.Rxb2 Re3 30.Rb3 Nxd5 31.Nxd5 Rxb3 32.cxb3
Be6 33.Ne7 Kb6 0-1

[Event "1. Bundesliga 2014/2015"]
[Site "Feffernitz, St. Veit/Glan, Mayrhofen"]
[Date "2015.02.26"]
[Round "5"]
[Board "4"]
[White "Hresc, Vladimir"]
[Black "Buhmann, Rainer"]
[Result "1/2-1/2"]
[WhiteElo "2400"]
[BlackElo "2583"]
[PlyCount "60"]
[EventDate "2014.11.20"]
[EventType "team"]
[EventRounds "11"]
[EventCountry "AUT"]
[WhiteTeam "SV Wolfsberg"]
[BlackTeam "Schachclub MPOE Maria Saal"]

1.e4 e5 2.Nf3 Nc6 3.Bc4 Nf6 4.d3 Be7 5.O-O O-O 6.Re1 d6 7.c3 h6 8.h3 Nh7 9.d4 Ng5
10.Nbd2 Bf6 11.Nxg5 Bxg5 12.Nf3 Bxc1 13.Qxc1 Qf6 14.Qe3 Ne7 15.Rad1 Ng6 16.Kh2 Be6
17.dxe5 Nxe5 18.Nxe5 dxe5 19.Bxe6 Qxe6 20.b3 b6 21.Rd3 Rad8 22.Red1 Qe7 23.Qd2 Rxd3
24.Qxd3 Qf6 25.Kg1 Qc6 26.Qe3 Qe6 27.Qd3 Qc6 28.Qe3 Qe6 29.Qd3 Qc6 30.Qe3 Qe6 1/2-1/2

[Event "1. Bundesliga 2014/2015"]
[Site "Feffernitz, St. Veit/Glan, Mayrhofen"]
[Date "2015.02.26"]
[Round "5"]
[Board "5"]
[White "Naumann, Alexander"]
[Black "Sternat, Roland"]
[Result "1-0"]
[WhiteElo "2542"]
[BlackElo "2107"]
[PlyCount "47"]
[EventDate "2014.11.20"]
[EventType "team"]
[EventRounds "11"]
[EventCountry "AUT"]
[WhiteTeam "Schachclub MPOE Maria Saal"]
[BlackTeam "SV Wolfsberg"]

1.d4 d5 2.c4 e6 3.Nf3 f5 4.Bf4 Nf6 5.Nc3 c6 6.e3 Bb4 7.a3 Bxc3+ 8.bxc3 Ne4 9.Rc1 O-O
10.h4 Nd7 11.Ne5 Qa5 12.Qb3 Nxe5 13.Bxe5 b6 14.f3 Nf6 15.Bd6 Re8 16.Bb4 Qa6 17.cxd5
Qb7 18.dxc6 Qxc6 19.a4 Qc7 20.Kf2 Kh8 21.Qa3 Rd8 22.Be7 Rd7 23.Bxf6 gxf6 24.Qf8# 1-0

[Event "1. Bundesliga 2014/2015"]
[Site "Feffernitz, St. Veit/Glan, Mayrhofen"]
[Date "2015.02.26"]
[Round "5"]
[Board "6"]
[White "Toefferl, Heimo"]
[Black "Kreisl, Robert"]
[Result "1/2-1/2"]
[WhiteElo "2098"]
[BlackElo "2421"]
[PlyCount "61"]
[EventDate "2014.11.20"]
[EventType "team"]
[EventRounds "11"]
[EventCountry "AUT"]
[WhiteTeam "SV Wolfsberg"]
[BlackTeam "Schachclub MPOE Maria Saal"]

1.d4 Nf6 2.c4 g6 3.Nc3 d5 4.cxd5 Nxd5 5.e4 Nxc3 6.bxc3 Bg7 7.Bb5+ c6 8.Ba4 O-O 9.Ne2
c5 10.O-O Nc6 11.Be3 Qc7 12.Qc1 b6 13.Rb1 Ba6 14.Bb5 Bxb5 15.Rxb5 Na5 16.dxc5 Nc4
17.f3 Qc6 18.a4 a6 19.Rxb6 Nxb6 20.cxb6 Qxa4 21.Qb2 Rab8 22.Rb1 Rfd8 23.Kf2 Rd3 24.Ra1
Qc4 25.Qa3 Bxc3 26.Qxa6 Qxa6 27.Rxa6 Bb4 28.Nf4 Rb3 29.Nd5 Rb2+ 30.Kg3 Bd6+ 31.Kh3 1/2-1/2

[Event "1. Bundesliga 2014/2015"]
[Site "Feffernitz, St. Veit/Glan, Mayrhofen"]
[Date "2015.02.26"]
[Round "5"]
[Board "1"]
[White "Rozentalis, Eduardas"]
[Black "Lenic, Luka"]
[Result "0-1"]
[WhiteElo "2549"]
[BlackElo "2648"]
[PlyCount "110"]
[EventDate "2014.11.20"]
[EventType "team"]
[EventRounds "11"]
[EventCountry "AUT"]
[WhiteTeam "SK Hohenems"]
[BlackTeam "SV Raika Rapid Feffernitz"]

1.e4 c6 2.d4 d5 3.Nd2 dxe4 4.Nxe4 Nd7 5.g3 Ngf6 6.Nxf6+ Nxf6 7.Bg2 Bg4 8.Nf3 e6 9.c3
Be7 10.O-O O-O 11.Qb3 Bxf3 12.Bxf3 Qb6 13.Rd1 Rfd8 14.Bd2 Rd7 15.Be1 Qa5 16.Qc2 Qb6
17.Rd3 Rad8 18.Rad1 Qb5 19.R3d2 a5 20.h4 h5 21.Kg2 g6 22.Re2 Kg7 23.a3 a4 24.c4 Qa6
25.Qc3 Ng4 26.Bxg4 hxg4 27.Bd2 c5 28.d5+ Bf6 29.Bh6+ Kxh6 30.Qxf6 exd5 31.Qg5+ Kg7
32.h5 Qc6 33.h6+ Kh7 34.Kh2 d4 35.Qxg4 d3 36.Re5 Kxh6 37.f3 Rd4 38.Qg5+ Kg7 39.Kg2
d2 40.Rh1 Kg8 41.Rxc5 Qe6 42.Re5 Qa6 43.Qe3 Qc6 44.Qh6 Qf6 45.Qe3 Kf8 46.Rd1 Rxc4
47.Qh6+ Kg8 48.Re2 Rc2 49.Rdxd2 Rdxd2 50.Rxd2 Qxb2 51.Rxc2 Qxc2+ 52.Kh3 Qd3 53.Qh4
Qxa3 54.Qe4 Qb3 55.Qe8+ Kh7 0-1

[Event "1. Bundesliga 2014/2015"]
[Site "Feffernitz, St. Veit/Glan, Mayrhofen"]
[Date "2015.02.26"]
[Round "5"]
[Board "2"]
[White "Skoberne, Jure"]
[Black "Bindrich, Falko"]
[Result "1/2-1/2"]
[WhiteElo "2555"]
[BlackElo "2609"]
[PlyCount "90"]
[EventDate "2014.11.20"]
[EventType "team"]
[EventRounds "11"]
[EventCountry "AUT"]
[WhiteTeam "SV Raika Rapid Feffernitz"]
[BlackTeam "SK Hohenems"]

1.d4 Nf6 2.c4 e6 3.Nf3 d5 4.Nc3 c5 5.cxd5 Nxd5 6.e4 Nxc3 7.bxc3 cxd4 8.cxd4 Bb4+ 9.Bd2
Bxd2+ 10.Qxd2 O-O 11.Bc4 b6 12.O-O Bb7 13.Qe3 Nd7 14.e5 Rc8 15.Bb3 h6 16.Nd2 Qg5 17.Qxg5
hxg5 18.f4 gxf4 19.Rxf4 b5 20.a4 bxa4 21.Rxa4 Ra8 22.Rf1 Nb6 23.Rb4 Bc6 24.Ra1 Rfd8
25.Kf2 Rd7 26.g3 Rad8 27.Ke3 Rc8 28.Rc1 Rb7 29.Ba2 Rbc7 30.Rc5 Bd5 31.Rxc7 Rxc7 32.Rb2
a5 33.Ne4 Nc4+ 34.Bxc4 Rxc4 35.Rb5 a4 36.Ra5 Rc1 37.Nc5 Bb3 38.Nxa4 Rc2 39.Nc5 Bd5
40.h4 Rg2 41.Ne4 Bxe4 42.Kxe4 Rxg3 43.Ra8+ Kh7 44.Rf8 Rg4+ 45.Ke3 Rg3+ 1/2-1/2

[Event "1. Bundesliga 2014/2015"]
[Site "Feffernitz, St. Veit/Glan, Mayrhofen"]
[Date "2015.02.26"]
[Round "5"]
[Board "3"]
[White "Martinovic, Sasa"]
[Black "Schreiner, Peter"]
[Result "1/2-1/2"]
[WhiteElo "2520"]
[BlackElo "2435"]
[PlyCount "83"]
[EventDate "2014.11.20"]
[EventType "team"]
[EventRounds "11"]
[EventCountry "AUT"]
[WhiteTeam "SK Hohenems"]
[BlackTeam "SV Raika Rapid Feffernitz"]

1.d4 Nf6 2.c4 g6 3.f3 Nc6 4.d5 Ne5 5.e4 d6 6.Nc3 Bg7 7.Be2 c6 8.f4 Ned7 9.Be3 Qa5
10.Qd2 Nc5 11.Rd1 O-O 12.Nf3 Na4 13.Nxa4 Qxa4 14.b3 Qa3 15.Bd3 Bg4 16.O-O Bxf3 17.gxf3
cxd5 18.cxd5 Rfc8 19.Rc1 Nd7 20.Bb5 Nb6 21.Kh1 Bb2 22.Rb1 Bc3 23.Qf2 a6 24.Bd3 Nd7
25.Rfc1 Bg7 26.Qd2 Nc5 27.Bf1 a5 28.Rc2 Qb4 29.Qc1 Qb6 30.Bh3 Rc7 31.a3 Qb5 32.Bf1
Qd7 33.b4 axb4 34.axb4 Na6 35.Rxc7 Nxc7 36.b5 Rc8 37.Qd2 Ne8 38.Rc1 Ra8 39.Qc2 Kf8
40.Qb3 Rc8 41.Rc4 Ra8 42.Rc1 1/2-1/2

[Event "1. Bundesliga 2014/2015"]
[Site "Feffernitz, St. Veit/Glan, Mayrhofen"]
[Date "2015.02.26"]
[Round "5"]
[Board "4"]
[White "Diermair, Andreas"]
[Black "Atlas, Valery"]
[Result "1/2-1/2"]
[WhiteElo "2463"]
[BlackElo "2433"]
[PlyCount "123"]
[EventDate "2014.11.20"]
[EventType "team"]
[EventRounds "11"]
[EventCountry "AUT"]
[WhiteTeam "SV Raika Rapid Feffernitz"]
[BlackTeam "SK Hohenems"]

1.d4 Nf6 2.c4 c5 3.d5 e5 4.Nc3 d6 5.e4 Nbd7 6.g3 Be7 7.Bg2 O-O 8.Nge2 a6 9.a4 b6 10.O-O
Ne8 11.f4 Ra7 12.Be3 g6 13.f5 Bg5 14.Qd2 Bxe3+ 15.Qxe3 g5 16.h4 h6 17.Bf3 Ng7 18.Kg2
f6 19.Rh1 Kf7 20.hxg5 hxg5 21.Rh7 Rg8 22.Bg4 Nf8 23.Rh6 Ke8 24.a5 bxa5 25.Nc1 Rb7
26.Nd3 Rf7 27.Qd2 Nd7 28.Nd1 a4 29.Ne3 Nb6 30.Rah1 Qc7 31.Bd1 Kd8 32.Nf2 Bd7 33.Nfg4
Ne8 34.Nf2 Ng7 35.Rg6 Rgf8 36.Nfg4 Ne8 37.Rgh6 Kc8 38.Nf2 Ng7 39.Be2 Kb7 40.Nfd1 Rg8
41.Nc3 Qd8 42.Qd1 Ne8 43.Bh5 Rfg7 44.Qe2 Nc7 45.Bg6 Rf8 46.Ncd1 Rgg8 47.Qh5 Kb8 48.Rh7
Be8 49.Nf2 Nc8 50.Nfg4 Ne7 51.Bxe8 Nxe8 52.Ra1 Qd7 53.Qh1 Rg7 54.Rxg7 Nxg7 55.Qd1
Nc8 56.Rxa4 Qb7 57.Qc2 Ne8 58.Nf2 Rh8 59.Qc3 Nb6 60.Ra3 Ka7 61.Qa5 Nd7 62.Qa4 1/2-1/2

[Event "1. Bundesliga 2014/2015"]
[Site "Feffernitz, St. Veit/Glan, Mayrhofen"]
[Date "2015.02.26"]
[Round "5"]
[Board "5"]
[White "Froewis, Georg"]
[Black "Sebenik, Matej"]
[Result "1/2-1/2"]
[WhiteElo "2434"]
[BlackElo "2515"]
[PlyCount "71"]
[EventDate "2014.11.20"]
[EventType "team"]
[EventRounds "11"]
[EventCountry "AUT"]
[WhiteTeam "SK Hohenems"]
[BlackTeam "SV Raika Rapid Feffernitz"]

1.Nf3 d5 2.g3 Bg4 3.Bg2 Nd7 4.c4 e6 5.cxd5 exd5 6.h3 Bxf3 7.Bxf3 Ngf6 8.Nc3 c6 9.O-O
Be7 10.d3 d4 11.Ne4 Nxe4 12.Bxe4 O-O 13.Bd2 a5 14.Bg2 Re8 15.a3 Nc5 16.b3 Ne6 17.b4
axb4 18.axb4 Nc7 19.Qb3 Rxa1 20.Rxa1 Nb5 21.Ra5 Qd7 22.Bf1 h6 23.Qa2 Bg5 24.Be1 h5
25.h4 Bh6 26.Ra8 g6 27.Rxe8+ Qxe8 28.Qc2 Qe6 29.Bg2 Qe8 30.Be4 Kh7 31.Kg2 Qe7 32.Bf3
Bg7 33.Qc4 Na3 34.Qc1 Nb5 35.Qc4 Na3 36.Qc1 1/2-1/2

[Event "1. Bundesliga 2014/2015"]
[Site "Feffernitz, St. Veit/Glan, Mayrhofen"]
[Date "2015.02.26"]
[Round "5"]
[Board "6"]
[White "Fauland, Alexander"]
[Black "Kessler, Luca"]
[Result "1/2-1/2"]
[WhiteElo "2433"]
[BlackElo "2324"]
[PlyCount "89"]
[EventDate "2014.11.20"]
[EventType "team"]
[EventRounds "11"]
[EventCountry "AUT"]
[WhiteTeam "SV Raika Rapid Feffernitz"]
[BlackTeam "SK Hohenems"]

1.c4 Nf6 2.g3 c6 3.Nf3 g6 4.b3 Bg7 5.Bb2 O-O 6.Bg2 d6 7.O-O e5 8.d3 Nbd7 9.Nc3 Re8
10.Qc2 a5 11.Rad1 Nc5 12.d4 exd4 13.Nxd4 Bd7 14.Rd2 Qb6 15.Rfd1 a4 16.bxa4 Ng4 17.Ba3
Ne5 18.Nb3 Bf5 19.e4 Bg4 20.Rb1 Qa7 21.Nxc5 dxc5 22.Qb3 Be6 23.Rd6 Rab8 24.Bf1 Qa5
25.Kg2 h5 26.h3 Red8 27.Rdd1 Rd4 28.Rxd4 cxd4 29.Nd1 Qc7 30.f4 Nd7 31.h4 b5 32.Qc2
bxa4 33.Rxb8+ Qxb8 34.Bd3 Bf8 35.Bxf8 Nxf8 36.Qxa4 c5 37.Qb3 Qa8 38.Nf2 Bd7 39.Be2
Bc6 40.Bf3 Nd7 41.e5 Bxf3+ 42.Qxf3 Qxa2 43.Qd5 Nf8 44.Qxc5 Ne6 45.Qd5 1/2-1/2

[Event "1. Bundesliga 2014/2015"]
[Site "Feffernitz, St. Veit/Glan, Mayrhofen"]
[Date "2015.02.26"]
[Round "5"]
[Board "1"]
[White "Votava, Jan"]
[Black "Maslik, Miroslav"]
[Result "1-0"]
[WhiteElo "2524"]
[BlackElo "2365"]
[PlyCount "109"]
[EventDate "2014.11.20"]
[EventType "team"]
[EventRounds "11"]
[EventCountry "AUT"]
[WhiteTeam "Mayrhofen/SK Zell/Zillertal"]
[BlackTeam "ASVOE Pamhagen"]

1.d4 Nf6 2.c4 g6 3.Nc3 Bg7 4.Nf3 O-O 5.g3 c5 6.Bg2 cxd4 7.Nxd4 Nc6 8.O-O d6 9.Nc2
Qa5 10.Ne3 Qh5 11.Ncd5 Ng4 12.h3 Nf6 13.Rb1 Nxd5 14.Nxd5 Be6 15.Be3 Bxd5 16.cxd5 Ne5
17.Rc1 Rfc8 18.b3 Nd7 19.Qd2 a5 20.Qd3 Bb2 21.Rxc8+ Rxc8 22.Qb5 Nc5 23.Bd2 Qe5 24.Bxa5
Ne4 25.Qd3 Nc3 26.Bxc3 Rxc3 27.Qe4 Qxe4 28.Bxe4 Kg7 29.Rb1 Rc1+ 30.Rxc1 Bxc1 31.a4
Kf6 32.e3 Ke5 33.Bg2 g5 34.Kf1 Ba3 35.Ke2 Bc5 36.Kd3 f5 37.Kc3 f4 38.b4 Ba7 39.Kd3
fxg3 40.fxg3 h5 41.h4 gxh4 42.gxh4 Bb6 43.a5 Ba7 44.Bf3 e6 45.dxe6 Kxe6 46.Bxb7 d5
47.b5 Bc5 48.b6 Kd6 49.Ke2 Ke6 50.Bc6 Ke5 51.Kd3 Ke6 52.Be8 Kd6 53.Bxh5 Bb4 54.a6
Kc6 55.a7 1-0

[Event "1. Bundesliga 2014/2015"]
[Site "Feffernitz, St. Veit/Glan, Mayrhofen"]
[Date "2015.02.26"]
[Round "5"]
[Board "2"]
[White "Vitouch, Anatol"]
[Black "Lanka, Zigurds"]
[Result "1-0"]
[WhiteElo "2336"]
[BlackElo "2422"]
[PlyCount "97"]
[EventDate "2014.11.20"]
[EventType "team"]
[EventRounds "11"]
[EventCountry "AUT"]
[WhiteTeam "ASVOE Pamhagen"]
[BlackTeam "Mayrhofen/SK Zell/Zillertal"]

1.g3 g6 2.Bg2 Bg7 3.c4 Nf6 4.Nc3 d6 5.e4 c5 6.Nge2 Nc6 7.d3 O-O 8.O-O Ne8 9.Be3 Nd4
10.Qd2 Nc7 11.Bh6 e5 12.Bxg7 Kxg7 13.f4 f6 14.Rab1 a5 15.h3 Nxe2+ 16.Nxe2 Ne6 17.a3
a4 18.b4 axb3 19.Rxb3 Ra7 20.Rfb1 Rf7 21.Bf3 Qc7 22.Qb2 Nd4 23.Nxd4 cxd4 24.Kg2 Qc5
25.Bg4 Bd7 26.Bxd7 Rxd7 27.a4 Qc6 28.a5 Rxa5 29.Rxb7 Ra7 30.Rxa7 Rxa7 31.Qb8 Qc7 32.Qxc7+
Rxc7 33.Rb6 Rd7 34.Kf3 Kf7 35.f5 gxf5 36.exf5 d5 37.cxd5 Rxd5 38.Rb7+ Kg8 39.Ke4 Ra5
40.g4 h6 41.h4 Ra3 42.g5 hxg5 43.hxg5 fxg5 44.f6 g4 45.Kf5 g3 46.Kg6 Ra8 47.Rg7+ Kf8
48.Rh7 Kg8 49.f7+ 1-0

[Event "1. Bundesliga 2014/2015"]
[Site "Feffernitz, St. Veit/Glan, Mayrhofen"]
[Date "2015.02.26"]
[Round "5"]
[Board "3"]
[White "Maiwald, Jens-Uwe"]
[Black "Jacko, Vladimir"]
[Result "1/2-1/2"]
[WhiteElo "2464"]
[BlackElo "2284"]
[PlyCount "84"]
[EventDate "2014.11.20"]
[EventType "team"]
[EventRounds "11"]
[EventCountry "AUT"]
[WhiteTeam "Mayrhofen/SK Zell/Zillertal"]
[BlackTeam "ASVOE Pamhagen"]

1.d4 Nf6 2.Nf3 d6 3.g3 g6 4.Bg2 Bg7 5.O-O O-O 6.c4 Nbd7 7.Nc3 e5 8.e3 c6 9.b3 Re8
10.Qc2 exd4 11.Nxd4 Qa5 12.h3 Qh5 13.Qd1 Qxd1 14.Rxd1 Nc5 15.Ba3 Bd7 16.Nde2 Bf8 17.Rd4
h5 18.Rad1 Bf5 19.Nf4 Bc2 20.R1d2 Bf5 21.Rd1 Bc2 22.Rc1 Bf5 23.b4 Ncd7 24.e4 Be6 25.Nxe6
Rxe6 26.Rcd1 a5 27.bxa5 c5 28.R4d2 Ne5 29.Nb5 Nxc4 30.Nc7 Rxa5 31.Nxe6 fxe6 32.Bc1
Nxd2 33.Rxd2 c4 34.Rb2 d5 35.exd5 Nxd5 36.Rxb7 Rxa2 37.Bb2 c3 38.Bxd5 exd5 39.Bxc3
Bc5 40.Rb2 Rxb2 41.Bxb2 Kf7 42.Kg2 Ke6 1/2-1/2

[Event "1. Bundesliga 2014/2015"]
[Site "Feffernitz, St. Veit/Glan, Mayrhofen"]
[Date "2015.02.26"]
[Round "5"]
[Board "4"]
[White "Kuthan, Andreas"]
[Black "Platzgummer, Fabian"]
[Result "1/2-1/2"]
[WhiteElo "2240"]
[BlackElo "2332"]
[PlyCount "254"]
[EventDate "2014.11.20"]
[EventType "team"]
[EventRounds "11"]
[EventCountry "AUT"]
[WhiteTeam "ASVOE Pamhagen"]
[BlackTeam "Mayrhofen/SK Zell/Zillertal"]

1.d4 d5 2.c4 dxc4 3.e3 e5 4.Bxc4 exd4 5.exd4 Bd6 6.Nf3 Nf6 7.O-O O-O 8.h3 Nbd7 9.Nc3
Nb6 10.Bb3 Be6 11.Bxe6 fxe6 12.Re1 Qd7 13.Ne5 Bxe5 14.dxe5 Qxd1 15.Rxd1 Nfd5 16.Ne4
Na4 17.Rd4 b5 18.b3 Nac3 19.Nxc3 Nxc3 20.Rd3 Nd5 21.Bb2 c5 22.Rc1 Rfc8 23.Kf1 a5 24.g3
a4 25.bxa4 Rxa4 26.Ra3 Rxa3 27.Bxa3 b4 28.Bb2 Nb6 29.Ke1 Na4 30.Bd4 c4 31.Kd2 Kf7
32.Kc2 b3+ 33.Kb1 b2 34.Bxb2 Rb8 35.Rxc4 Nxb2 36.Rf4+ Ke7 37.Kc2 Kd7 38.Rf7+ Kc6 39.Rxg7
Nc4 40.Rxh7 Nxe5 41.f4 Nc4 42.Kd3 Nd6 43.Rh6 Ra8 44.Rxe6 Ra3+ 45.Kd4 Rxg3 46.Rh6 Ra3
47.Ke5 Ra5+ 48.Ke6 Rxa2 49.f5 Re2+ 50.Kf6 Kd5 51.Rh5 Rg2 52.Rh8 Rf2 53.Rh5 Rf3 54.Kg6
Ke5 55.f6+ Ke6 56.Ra5 Rxf6+ 57.Kg5 Rf1 58.Kg4 Rb1 59.Kf4 Rb4+ 60.Kf3 Nf7 61.Ra6+ Kf5
62.Ra5+ Ne5+ 63.Ke3 Re4+ 64.Kd2 Rd4+ 65.Kc3 Rc4+ 66.Kb3 Rc8 67.h4 Ke4 68.h5 Rh8 69.Ra4+
Kd3 70.Rh4 Rb8+ 71.Rb4 Rh8 72.Rh4 Nf3 73.Rh3 Ke4 74.Kc4 Rh6 75.Kc5 Kf4 76.Rh1 Ng5
77.Kd5 Kg4 78.Rg1+ Kh4 79.Rh1+ Nh3 80.Re1 Kxh5 81.Re5+ Kg4 82.Re8 Nf4+ 83.Ke4 Ne6
84.Ke5 Ng5 85.Re7 Ra6 86.Re8 Ra2 87.Rf8 Re2+ 88.Kd5 Ne6 89.Rf1 Nf4+ 90.Kd4 Kf5 91.Ra1
Rd2+ 92.Kc3 Rd8 93.Re1 Nd5+ 94.Kd4 Nf6+ 95.Kc4 Ne4 96.Rh1 Nd2+ 97.Kc5 Nf3 98.Rh7 Ng5
99.Rh5 Kf4 100.Kc4 Ne6 101.Rh1 Ng5 102.Rh4+ Ke3 103.Rh1 Nf3 104.Rh7 Rd4+ 105.Kc5 Ng5
106.Rh1 Ne4+ 107.Kc6 Rd6+ 108.Kb5 Rd5+ 109.Kc6 Rc5+ 110.Kd7 Kd4 111.Rh8 Rg5 112.Kc6
Rg6+ 113.Kd7 Ng3 114.Rh4+ Kd5 115.Kc7 Kc5 116.Kd7 Rd6+ 117.Kc7 Nf5 118.Rh5 Rd5 119.Rg5
Re5 120.Kd7 Kb6 121.Rg6+ Kb7 122.Rg5 Re7+ 123.Kd8 Rf7 124.Ke8 Nd6+ 125.Kd8 Kc6 126.Rc5+
Kb7 127.Rc7+ Rxc7 1/2-1/2

[Event "1. Bundesliga 2014/2015"]
[Site "Feffernitz, St. Veit/Glan, Mayrhofen"]
[Date "2015.02.26"]
[Round "5"]
[Board "5"]
[White "Tabernig, Bernhard"]
[Black "Prinzjakowitsch, Bernhard"]
[Result "0-1"]
[WhiteElo "2328"]
[BlackElo "2178"]
[PlyCount "74"]
[EventDate "2014.11.20"]
[EventType "team"]
[EventRounds "11"]
[EventCountry "AUT"]
[WhiteTeam "Mayrhofen/SK Zell/Zillertal"]
[BlackTeam "ASVOE Pamhagen"]

1.d4 Nf6 2.c4 e6 3.Nc3 d5 4.cxd5 exd5 5.Bg5 Be7 6.e3 c6 7.Qc2 O-O 8.Bd3 h6 9.Bh4 Re8
10.Nge2 Nbd7 11.O-O Nb6 12.f3 g5 13.Bf2 c5 14.Ng3 cxd4 15.exd4 Bd7 16.Nf5 Bf8 17.Qb3
Nc4 18.Rad1 b5 19.g4 a5 20.h4 Bxf5 21.Bxf5 b4 22.Na4 Bd6 23.hxg5 hxg5 24.Qd3 Bc7 25.b3
Qd6 26.f4 Qxf4 27.Bg3 Qxg3+ 28.Qxg3 Bxg3 29.bxc4 dxc4 30.Nb6 Ra6 31.Nxc4 Nd5 32.Bd7
Re2 33.Bb5 Rh6 34.Rf5 Nf4 35.Rxg5+ Kf8 36.Rh5 Nxh5 37.Ne5 Bh2+ 0-1

[Event "1. Bundesliga 2014/2015"]
[Site "Feffernitz, St. Veit/Glan, Mayrhofen"]
[Date "2015.02.26"]
[Round "5"]
[Board "6"]
[White "Rusek, Walter"]
[Black "Kupfner, Franz"]
[Result "0-1"]
[WhiteElo "1811"]
[BlackElo "2200"]
[PlyCount "54"]
[EventDate "2014.11.20"]
[EventType "team"]
[EventRounds "11"]
[EventCountry "AUT"]
[WhiteTeam "ASVOE Pamhagen"]
[BlackTeam "Mayrhofen/SK Zell/Zillertal"]

1.d4 Nf6 2.c4 e6 3.Nc3 d5 4.Bf4 c6 5.e3 Bd6 6.Bxd6 Qxd6 7.cxd5 exd5 8.Bd3 O-O 9.Nge2
Re8 10.Qc2 Nbd7 11.h3 Nf8 12.O-O b6 13.Rac1 Bb7 14.Rfd1 Re7 15.Ng3 g6 16.Be2 Rae8
17.Qa4 Ba8 18.b4 Ne6 19.Qb3 Bb7 20.Na4 Ng5 21.Nb2 Rxe3 22.fxe3 Qxg3 23.Rf1 Rxe3 24.Qc2
Nfe4 25.Bg4 f5 26.Qa4 fxg4 27.Nd1 Re2 0-1